| 000 | 00802cam a22002657a 4500 | ||
|---|---|---|---|
| 003 | CHAP | ||
| 005 | 20220817041259.0 | ||
| 008 | 971013s1990 r 00010 d | ||
| 010 | _a10225 | ||
| 011 | _a11197 | ||
| 035 | _a10435 | ||
| 040 | _cCHAP | ||
| 082 |
_a634 _bH48 |
||
| 100 | 0 | 0 |
_aHessayon, D. G. _955051 |
| 245 | 1 | 4 |
_aThe fruit expert _b: a guide to choosing and growing garden fruit plus a complete section on shop-bought fruits |
| 260 |
_aNorwich : _bPbi, _c1990 |
||
| 300 |
_a128 p. _b: ilus |
||
| 590 |
_aBATCH-UPD _b10 _c20130110 _lUCH01 _h2003 |
||
| 590 |
_aCONVERSION _b10 _c20130109 _lUCH01 _h1307 |
||
| 650 | 1 | 4 | _aArboles frutales. |
| 650 | 1 | 4 |
_aFruticultura. _943684 |
| 901 | _aBK | ||
| 942 | _cLIBRO | ||
| 949 |
_a634 H48 _bBC _cC _d33724002203322 _eC _gI. c/e _h85478 _i10435 _si _t81.94 |
||
| 999 |
_c10225 _d10225 |
||